000 00602nam a2200241Ia 4500
003 OSt
005 20220918202517.0
006 a|||||r|||| 00| 0
007 ta
008 220917b |||||||| |||| 00| 0 eng d
024 _a101,799
037 _cTextual
040 _aARTS
_cARTS
_beng
041 _2eng
_aeng
082 _aV2,4.N7, M7
100 _aRoy R
_9104109
245 0 _aPerspectives on Indian politics
260 _aDelhi
_bDiscovery
_c1987
300 _avi, 483p.
_ccm.
650 _aHISTORY
942 _hV2,4.N7, M7
_cTEXL
_2CC
999 _c225259
_d225259